000
00427nam a22001337a 4500
020
_a
8126104635
082
_a
910.3
100
_a
A team of experts
245
_a
Advanced learner's dictionary of geography
260
_a
New Delhi
_b
Anmol publications
_c
2000
300
_a
308p
942
_c
BK
999
_c
3430
_d
3430